<?xml version="1.0" encoding="UTF-8"?>
<record
    xmlns:xsi="http://www.w3.org/2001/XMLSchema-instance"
    xsi:schemaLocation="http://www.loc.gov/MARC21/slim http://www.loc.gov/standards/marcxml/schema/MARC21slim.xsd"
    xmlns="http://www.loc.gov/MARC21/slim">

  <leader>02625nam a22004697a 4500</leader>
  <datafield tag="999" ind1=" " ind2=" ">
    <subfield code="c">22046</subfield>
    <subfield code="d">22046</subfield>
  </datafield>
  <controlfield tag="003">AR-CdUCM</controlfield>
  <controlfield tag="008">190515b           ||||| |||| 00| 0 spa d</controlfield>
  <datafield tag="040" ind1=" " ind2=" ">
    <subfield code="a">MUNICIPALIDAD PROVINCIAL DEL CUSCO</subfield>
    <subfield code="c">BIBLIOTECA MUNICIPAL DEL CUSCO</subfield>
  </datafield>
  <datafield tag="082" ind1=" " ind2=" ">
    <subfield code="a">Visi&#xF3;ncultu/N&#xB0;1/1995</subfield>
  </datafield>
  <datafield tag="110" ind1=" " ind2=" ">
    <subfield code="a">Instituto Nacional de Cultura Cusco</subfield>
    <subfield code="9">9277</subfield>
  </datafield>
  <datafield tag="245" ind1=" " ind2=" ">
    <subfield code="a">Visi&#xF3;n Cultural /</subfield>
    <subfield code="c">Instituto Nacional de Cultura Departamental Cusco</subfield>
  </datafield>
  <datafield tag="260" ind1=" " ind2=" ">
    <subfield code="a">Cusco :</subfield>
    <subfield code="b">Instituto Nacional de Cultura Cusco,</subfield>
    <subfield code="c">1995.</subfield>
  </datafield>
  <datafield tag="300" ind1=" " ind2=" ">
    <subfield code="a">40 p&#xE1;ginas. :</subfield>
    <subfield code="b">ilustraciones ;</subfield>
    <subfield code="c">30 cm.</subfield>
  </datafield>
  <datafield tag="440" ind1=" " ind2=" ">
    <subfield code="a">Visi&#xF3;n Cultural.</subfield>
    <subfield code="n">A&#xF1;o II, N&#xB0;1, enero 1995.</subfield>
    <subfield code="9">47260</subfield>
  </datafield>
  <datafield tag="505" ind1=" " ind2=" ">
    <subfield code="a">Contenido: Orqu&#xED;deas de Machupicchu. -- Origen Depredaci&#xF3;n y Defensa del Patrimonio Arqueol&#xF3;gico del Cusco. -- La Cultura Popular Tradicional de la Bebida "La Tetar&#xED;a Cusque&#xF1;a". -- Instituto Nacional de Cultura; Breve Rese&#xF1;a Hist&#xF3;rica. -- Restauraci&#xF3;n del Templo de santo Tomas. -- Nuestra Llama. -- Investigaci&#xF3;n Arqueol&#xF3;gica en Bandoja. --Suplemento "Investigaci&#xF3;n Cultural" Arqueolog&#xED;a Sepulcral Macha Cancha. -- Sobre la Conservaci&#xF3;n del Patrimonio Cultural. --  Centro Interamericano Sub Regional de Restauraci&#xF3;n de Bienes Culturales Muebles. -- El "Danzaq" en el pensamiento de las comunidades hidr&#xE1;ulicas de Ayacucho. -- Reflexione para un pueblo con facciones de eternidad. -- Museos y Sociedad en la Capital Hist&#xF3;rica del Per&#xFA;. -- Runa Simiman Harawi. --Introducci&#xF3;n a la Arqueolog&#xED;a de K'anamarca. -- Declaraci&#xF3;n de M&#xE9;xico sobre pol&#xED;ticas culturales.</subfield>
  </datafield>
  <datafield tag="650" ind1=" " ind2=" ">
    <subfield code="a">Patrimonio cultural</subfield>
    <subfield code="9">3805</subfield>
  </datafield>
  <datafield tag="650" ind1=" " ind2=" ">
    <subfield code="a">Investigaci&#xF3;n Cultural</subfield>
    <subfield code="9">47261</subfield>
  </datafield>
  <datafield tag="650" ind1=" " ind2=" ">
    <subfield code="a">Arqueolog&#xED;a cusque&#xF1;a</subfield>
    <subfield code="9">9322</subfield>
  </datafield>
  <datafield tag="650" ind1=" " ind2=" ">
    <subfield code="a">Cusco</subfield>
    <subfield code="9">772</subfield>
  </datafield>
  <datafield tag="700" ind1=" " ind2=" ">
    <subfield code="a">Aguirre S., Ciprian</subfield>
    <subfield code="9">47262</subfield>
  </datafield>
  <datafield tag="700" ind1=" " ind2=" ">
    <subfield code="a">Maza H., Julio</subfield>
    <subfield code="9">47263</subfield>
  </datafield>
  <datafield tag="700" ind1=" " ind2=" ">
    <subfield code="a">Gibaja Oviedo, Arminda</subfield>
    <subfield code="9">29271</subfield>
  </datafield>
  <datafield tag="700" ind1=" " ind2=" ">
    <subfield code="a">Montes Quintanilla, Te&#xF3;filo</subfield>
    <subfield code="9">47264</subfield>
  </datafield>
  <datafield tag="700" ind1=" " ind2=" ">
    <subfield code="a">Caipani Guti&#xE9;rrez, Atilio</subfield>
    <subfield code="9">47265</subfield>
  </datafield>
  <datafield tag="700" ind1=" " ind2=" ">
    <subfield code="a">Boza Murillo, Beatriz</subfield>
    <subfield code="9">47266</subfield>
  </datafield>
  <datafield tag="700" ind1=" " ind2=" ">
    <subfield code="a">Enr&#xED;quez Pelaez, Alcides</subfield>
    <subfield code="9">47267</subfield>
  </datafield>
  <datafield tag="700" ind1=" " ind2=" ">
    <subfield code="a">Letona Mu&#xF1;oz, Federico</subfield>
    <subfield code="9">47258</subfield>
  </datafield>
  <datafield tag="700" ind1=" " ind2=" ">
    <subfield code="a">letona Mu&#xF1;oz, Federico</subfield>
    <subfield code="9">47258</subfield>
  </datafield>
  <datafield tag="700" ind1=" " ind2=" ">
    <subfield code="a">Bonett Medina, Percy</subfield>
    <subfield code="9">47268</subfield>
  </datafield>
  <datafield tag="700" ind1=" " ind2=" ">
    <subfield code="a">Camacho Merma, Washington</subfield>
    <subfield code="9">47269</subfield>
  </datafield>
  <datafield tag="700" ind1=" " ind2=" ">
    <subfield code="a">San Rom&#xE1;n Luna, Wilbert</subfield>
    <subfield code="9">47270</subfield>
  </datafield>
  <datafield tag="700" ind1=" " ind2=" ">
    <subfield code="a">G&#xE1;lvez B., Ana Mar&#xED;a</subfield>
    <subfield code="9">47271</subfield>
  </datafield>
  <datafield tag="700" ind1=" " ind2=" ">
    <subfield code="a">Chara Zereceda, Luis Oscar</subfield>
    <subfield code="9">47272</subfield>
  </datafield>
  <datafield tag="700" ind1=" " ind2=" ">
    <subfield code="a">Espinoza Mart&#xED;nez, H&#xE9;ctor</subfield>
    <subfield code="9">47132</subfield>
  </datafield>
  <datafield tag="700" ind1=" " ind2=" ">
    <subfield code="a">Avenda&#xF1;o Soto, Ninoska</subfield>
    <subfield code="9">47273</subfield>
  </datafield>
  <datafield tag="700" ind1=" " ind2=" ">
    <subfield code="a">Contreras C., Nora</subfield>
    <subfield code="9">47274</subfield>
  </datafield>
  <datafield tag="700" ind1=" " ind2=" ">
    <subfield code="a">Barrera Ascarza, Jes&#xFA;s</subfield>
    <subfield code="9">47275</subfield>
  </datafield>
  <datafield tag="700" ind1=" " ind2=" ">
    <subfield code="a">Quirita H., Rosa</subfield>
    <subfield code="9">47276</subfield>
  </datafield>
  <datafield tag="700" ind1=" " ind2=" ">
    <subfield code="a">Fernandez Carrasco, Octavio</subfield>
    <subfield code="9">47277</subfield>
  </datafield>
  <datafield tag="942" ind1=" " ind2=" ">
    <subfield code="2">ddc</subfield>
    <subfield code="c">PP</subfield>
  </datafield>
  <datafield tag="945" ind1=" " ind2=" ">
    <subfield code="a">smm</subfield>
  </datafield>
  <datafield tag="952" ind1=" " ind2=" ">
    <subfield code="0">0</subfield>
    <subfield code="2">ddc</subfield>
    <subfield code="4">0</subfield>
    <subfield code="7">0</subfield>
    <subfield code="a">HEM</subfield>
    <subfield code="b">HEM</subfield>
    <subfield code="c">CART</subfield>
    <subfield code="d">2022-02-21</subfield>
    <subfield code="g">5.00</subfield>
    <subfield code="o">Visi&#xF3;ncultu/N&#xB0;1/1995</subfield>
    <subfield code="p">REVC000614</subfield>
    <subfield code="r">2022-02-21</subfield>
    <subfield code="y">PP</subfield>
  </datafield>
  <datafield tag="952" ind1=" " ind2=" ">
    <subfield code="0">0</subfield>
    <subfield code="2">ddc</subfield>
    <subfield code="4">0</subfield>
    <subfield code="7">0</subfield>
    <subfield code="a">HEM</subfield>
    <subfield code="b">HEM</subfield>
    <subfield code="c">CART</subfield>
    <subfield code="d">2022-02-21</subfield>
    <subfield code="g">5.00</subfield>
    <subfield code="o">Visi&#xF3;ncultu/N&#xB0;1/1995/e.2</subfield>
    <subfield code="p">REVC000615</subfield>
    <subfield code="r">2022-02-21</subfield>
    <subfield code="y">PP</subfield>
  </datafield>
  <datafield tag="952" ind1=" " ind2=" ">
    <subfield code="0">0</subfield>
    <subfield code="2">ddc</subfield>
    <subfield code="4">0</subfield>
    <subfield code="7">0</subfield>
    <subfield code="a">HEM</subfield>
    <subfield code="b">HEM</subfield>
    <subfield code="c">CART</subfield>
    <subfield code="d">2022-02-21</subfield>
    <subfield code="g">5.00</subfield>
    <subfield code="o">Visi&#xF3;ncultu/N&#xB0;1/1995/e.3</subfield>
    <subfield code="p">REVC000616</subfield>
    <subfield code="r">2022-02-21</subfield>
    <subfield code="y">PP</subfield>
  </datafield>
  <datafield tag="952" ind1=" " ind2=" ">
    <subfield code="0">0</subfield>
    <subfield code="2">ddc</subfield>
    <subfield code="4">0</subfield>
    <subfield code="7">0</subfield>
    <subfield code="a">HEM</subfield>
    <subfield code="b">HEM</subfield>
    <subfield code="c">CART</subfield>
    <subfield code="d">2022-02-21</subfield>
    <subfield code="g">5.00</subfield>
    <subfield code="o">Visi&#xF3;ncultu/N&#xB0;1/1995/e.4</subfield>
    <subfield code="p">REVC000617</subfield>
    <subfield code="r">2022-02-21</subfield>
    <subfield code="y">PP</subfield>
  </datafield>
  <datafield tag="952" ind1=" " ind2=" ">
    <subfield code="0">0</subfield>
    <subfield code="2">ddc</subfield>
    <subfield code="4">0</subfield>
    <subfield code="7">0</subfield>
    <subfield code="a">HEM</subfield>
    <subfield code="b">HEM</subfield>
    <subfield code="c">CART</subfield>
    <subfield code="d">2022-02-21</subfield>
    <subfield code="g">5.00</subfield>
    <subfield code="o">Visi&#xF3;ncultu/N&#xB0;1/1995/e.5</subfield>
    <subfield code="p">REVC000618</subfield>
    <subfield code="r">2022-02-21</subfield>
    <subfield code="y">PP</subfield>
  </datafield>
  <datafield tag="952" ind1=" " ind2=" ">
    <subfield code="0">0</subfield>
    <subfield code="2">ddc</subfield>
    <subfield code="4">0</subfield>
    <subfield code="7">0</subfield>
    <subfield code="a">HEM</subfield>
    <subfield code="b">HEM</subfield>
    <subfield code="c">CART</subfield>
    <subfield code="d">2022-02-21</subfield>
    <subfield code="g">5.00</subfield>
    <subfield code="o">Visi&#xF3;ncultu/N&#xB0;1/1995/e.6</subfield>
    <subfield code="p">REVC000619</subfield>
    <subfield code="r">2022-02-21</subfield>
    <subfield code="y">PP</subfield>
  </datafield>
</record>
